[Event "ICS rated blitz match"]
[Site "207.99.83.227"]
[Date "1999.04.05"]
[Round "?"]
[White "Hossa"]
[Black "NPB"]
[Result "1-0"]
[WhiteElo "2370"]
[BlackElo "2539"]
[Annotator "Fritz 5.32 (15s)"]
[PlyCount "157"]

1. e4 c5 2. Bc4 e6 3. Nc3 a6 4. a4 Nc6 5. Nf3 5... Nge7 $146 (5... Nf6 6. O-O
d5 7. exd5 exd5 8. Re1+ Be7 9. Ba2 O-O 10. h3 Bf5 11. Bxd5 Nxd5 12. Nxd5 Qxd5
13. d3 h6 14. b3 Bf6 15. Rb1 Nd4 16. Be3 Nxf3+ 17. Qxf3 Qxf3 18. gxf3 Rac8 19.
Kg2 b5 20. axb5 {Husfeldt,P-Bahr,P/Bargteheide 1989/0-1 (33)}) (5... Qc7 6. O-O
(6. d3 Nf6 7. Be3 (7. h3 Be7 8. Be3 d6 9. Qd2 Bd7 10. O-O h6 11. Rfe1 g5 12.
Reb1 g4 13. Ne1 gxh3 14. gxh3 Ne5 15. Kf1 Bc6 16. Bf4 Nxc4 17. dxc4 Nxe4 18.
Nxe4 Bxe4 19. Rd1 O-O-O 20. b4 e5 21. Be3 cxb4 22. Qxb4 d5 23. c5 d4 24. Bd2
Bxc5 25. Qb3 Bd5 26. Qg3 Bc4+ 27. Nd3 e4 28. Qg4+ Qd7 29. Qxe4 Qxh3+ 30. Ke1
Rhe8 31. Ne5 31... Qf1# {0-1 Potter,S-Perez,J/Dubai olm 1986 (31)}) 7... Be7 8.
d4 cxd4 9. Nxd4 b6 10. Bd3 Bb7 11. h3 Bb4 12. Nde2 d5 13. exd5 Nxd5 14. Bd2 Nf6
15. Ne4 Nxe4 16. Bxe4 Rd8 17. c3 Ne5 18. cxb4 Bxe4 19. O-O Bc2 20. Rc1 Bxd1 21.
Rxc7 Bxe2 22. Re1 Rxd2 23. Rxe2 Rxe2 24. Rc8+ Kd7 25. Rxh8 25... Rxb2 {
0-1 Shaposhnikov,N-Alexander,A/Moscow Club Spring 1908 (25)}) 6... Nf6 7. Re1
d6 8. d3 Be7 9. Ba2 O-O 10. Ne2 b5 11. c3 Bb7 12. Nf4 Ne5 13. Ng5 d5 14. Ngxe6
fxe6 15. Nxe6 Qd6 16. Nxf8 Rxf8 17. f4 Nxd3 18. Qxd3 c4 19. e5 Qc5+ 20. Qd4 {
Xheladini,M-Kellenberger,S/Bern op 1994/0-1 (38)}) (5... d6 6. O-O Nf6 7. d3 h6
8. Bf4 Bd7 9. Qd2 Nd4 10. Nxd4 cxd4 11. Ne2 e5 12. Bg3 Be7 13. f4 Nh5 14. fxe5
O-O 15. exd6 Bg5 16. Qe1 Nxg3 17. Qxg3 Be3+ 18. Kh1 Rc8 19. Nf4 Rc5 20. Nd5 {
Jouault,L-Mikurenda,A/open, St Heliers JER 1997/1-0 (50)}) 6. O-O (6. d4 d5 7.
exd5 7... exd5 $11) 6... g6 (6... d5 7. exd5 exd5 8. Ba2 $15) 7. e5 (7. d4 d5
8. Bb3 cxd4 9. Nxd4 Bg7 10. Nxc6 10... bxc6 $11) 7... Bg7 8. Re1 8... d5 $11 (
8... Qc7 $5 $15) 9. exd6 {Auf den muss Schwarz aufpassen} 9... Qxd6 10. Ne4 Qc7
11. c3 {Verwehrt dem Gegner b4+d4} ({Weniger gut ist} 11. Nxc5 11... Nd4 12.
Ne4 12... f5 $17) 11... O-O (11... b6 12. d3 $11) 12. d3 ({Nachteilig ist} 12.
Nxc5 12... Nd8 $17) 12... b6 {Staerkt c5} 13. Qd2 (13. Bg5 f6 14. Bh4 14... Qd8
$14) 13... Bb7 14. Qg5 h6 15. Qf4 Qxf4 16. Bxf4 Nd5 17. Bxd5 exd5 18. Nd6 Ra7 (
18... Bc8 19. Ne8 Bf5 20. Nxg7 Kxg7 21. d4 $11) 19. Ne8 Ra8 (19... Ne5 20. Nf6+
Bxf6 21. Nxe5 Bxe5 22. Rxe5 $16) 20. Nxg7 Kxg7 21. Bc7 b5 22. Bd6 Rfe8 23. axb5
Rxe1+ (23... axb5 24. Rxa8 Rxa8 25. Bxc5 $16) 24. Nxe1 axb5 25. Rxa8 Bxa8 26.
Bxc5 Kf6 27. Nf3 (27. Nc2 27... Bb7 $18) 27... Ke6 28. h4 (28. Kf1 28... g5 $16
) 28... f6 (28... Ne5 29. Ne1 $16) 29. Kf1 Bb7 30. g3 Ba6 31. b4 Bc8 32. Ke2
Kf7 33. Nd4 $14 (33. Ne1 $5 $16) 33... Nxd4+ 34. Bxd4 ({Schwaecher ist} 34.
cxd4 34... h5 $11) 34... Be6 35. f3 h5 36. Be3 f5 37. Bd4 Ke8 (37... f4 38.
gxf4 Bh3 39. f5 $14) 38. Ke3 38... Kd7 $16 (38... Ke7 39. Be5 $14) 39. Kf4 Bf7
40. Ke5 Kc6 (40... Be6 41. Bc5 $16) 41. Kf6 Be8 42. Ke7 Bd7 43. f4 Kc7 44. Kf7
Kd6 45. Bc5+ Kc6 46. Kf6 $16 (46. Kxg6 $5 46... Be8+ 47. Kxf5 47... Kc7 $18)
46... Be8 47. Ke7 {Weiss erlangt Initiative} 47... Bd7 48. Kf7 Kc7 49. Kxg6
Be8+ 50. Kxf5 {f4 setzt sich schnell in Bewegung} 50... Kd7 51. g4 hxg4 52.
Kxg4 {Der Freibauer h4 wird schnell zu einer gefaehrlichen Waffe} 52... Ke6 53.
f5+ Kf6 54. Bd4+ Kf7 55. h5 Kg8 56. Kg5 Kh7 57. Be3 Bf7 (57... Kg7 58. h6+ Kg8
59. Kf6 $18) 58. Bf2 (58. h6 {damit wuerde Weiss es sich noch erleichtern}
58... Be8 $18) 58... Kg7 (58... Be8 59. h6 $18) 59. Bd4+ (59. h6+ Kh7 60. Kf6
60... Bg8 $18) 59... Kh7 60. Be3 Be8 61. Bd4 $4 $11 {laesst den Gewinn aus} (
61. h6 $18 $142 {und Schwarz kann direkt aufgeben}) 61... Bf7 62. Be3 $4 $11 {
danach wendet sich das Blatt} (62. h6 Be8 63. c4 bxc4 64. dxc4 dxc4 65. f6 $18)
62... Be8 63. Bd4 $4 $11 {gibt den Vorteil aus der Hand} (63. h6 $18 $142)
63... Bf7 64. Kg4 Be8 65. Be5 Bf7 66. Bd6 Be8 67. Kg5 Bf7 68. Bc5 Be8 69. Bb6
Bf7 70. Bg1 Be8 71. Bc5 Bf7 72. Bb6 Be8 73. Bg1 Bf7 (73... Kg8 74. h6 $18) 74.
Ba7 Be8 75. Bb8 (75. h6 75... Bc6 $18) 75... Bf7 76. Bc7 Be8 77. Be5 Bf7 78.
Bd6 Be8 79. Bf4 (79. Bf4 Kg7 80. h6+ Kf7 81. Be3 $18) 1-0

[Event "ICS rated blitz match"]
[Site "207.99.83.227"]
[Date "1999.04.05"]
[Round "?"]
[White "bot"]
[Black "Hossa"]
[Result "1-0"]
[WhiteElo "2874"]
[BlackElo "2393"]
[Annotator "Fritz 5.32 (15s)"]
[PlyCount "55"]

1. e4 d6 2. d4 Nf6 3. Nc3 g6 4. Nf3 Bg7 5. h3 O-O 6. Be3 e5 7. dxe5 dxe5 8.
Qxd8 (8. Bc4 Qe7 9. O-O c6 10. a4 a5 11. Qd2 Nbd7 12. Rfd1 Nc5 13. Ng5 h6 14.
Qd6 Qxd6 15. Rxd6 Ncd7 16. Nf3 Re8 17. Rad1 Bf8 18. R6d2 b6 19. g4 Ra7 20. g5
hxg5 21. Nxg5 Re7 22. Rd6 22... Rc7 {Xu,J-Villanueva,G/Manila 1991/1-0 (44)})
8... Rxd8 9. Bc4 Nc6 (9... Be6 10. Bxe6 fxe6 11. O-O Nc6 12. Rfd1 a6 13. Bg5 h6
14. Bxf6 Bxf6 15. Ne2 Kf7 16. c3 Be7 17. Kf1 Bc5 18. b4 Bd6 19. Nc1 Rd7 20. Nb3
Rad8 21. a4 Kf6 22. Rd3 Be7 23. Rxd7 Rxd7 24. Ke2 {
(GER),G-(HUN),N/Balatonbereny (Hungary) 1995/1-0 (75)}) 10. O-O $146 (10. Ng5
Rd7 11. Bb5 Ne8 12. Na4 Rd6 13. Bc5 Rd8 14. Bc4 Rd7 15. Rd1 Nd6 16. Bxd6 cxd6
17. O-O h6 18. Nf3 Nd4 19. Nxd4 exd4 20. c3 Rc7 21. Bb5 dxc3 22. Nxc3 Bxc3 23.
bxc3 Be6 24. Rxd6 24... Bxa2 {Lanzendoerfer J-Rakic T/Delmenhorst 1988/0-1 (51)
}) 10... Bd7 (10... Ne8 11. Nd5 $11) 11. Bg5 11... Rf8 $16 (11... Be6 12. Bxe6
fxe6 13. Rfd1 $14) 12. Rad1 {Nun geraet Schwarz unter starken Druck.} 12... Be8
$16 (12... Be6 13. Bxe6 fxe6 14. Be3 $14) 13. Rfe1 Rc8 14. Nd5 Nxd5 15. exd5
Na5 16. Bd3 16... e4 $18 (16... f6 $5 17. b4 fxg5 18. bxa5 18... Bf7 $16) 17.
Rxe4 Bxb2 18. Be7 f5 19. Re2 (19. Bxf8 $2 {ist nicht spielbar} 19... fxe4 20.
Bb4 exd3 (20... exf3 $6 21. Bxa5 b6 22. Rb1 $11) 21. cxd3 21... b6 $19) 19...
Rf7 (19... Bc3 20. Bxf8 20... Kxf8 $18) 20. Bb4 b6 21. c3 Bxc3 (21... c5 22.
Bxa5 (22. Rxb2 $6 22... cxb4 23. cxb4 23... Ba4 $18) 22... Ba3 23. Bc4 bxa5 24.
d6 $18) 22. Bxc3 Nb7 (22... Ba4 {aendert den traurigen Lauf der Dinge nicht}
23. Rde1 Rd7 24. Ng5 $18) 23. Ba6 c5 24. Ng5 Rd7 25. Rde1 {Droht Matt: Rxe8}
25... Bf7 26. d6 Rf8 27. Re7 {Droht Matt: Nxf7} 27... Nxd6 (27... Rxe7 {
kann das Vorangegangene nicht ungeschehen machen} 28. dxe7 Nd6 29. Nxh7 $18)
28. Rxd7 (28. Rxd7 b5 29. Rxd6 $18) 1-0

[Event "ICS rated blitz match"]
[Site "207.99.83.227"]
[Date "1999.04.05"]
[Round "?"]
[White "Hossa"]
[Black "bot"]
[Result "0-1"]
[WhiteElo "2391"]
[BlackElo "2876"]
[Annotator "Fritz 5.32 (15s)"]
[PlyCount "147"]

1. e4 c5 2. Bc4 e6 3. Nc3 Nc6 4. Nf3 Nf6 (4... a6 5. a4 d6 6. O-O Nf6 7. d3 h6
8. Bf4 Bd7 9. Qd2 Nd4 10. Nxd4 cxd4 11. Ne2 e5 12. Bg3 Be7 13. f4 Nh5 14. fxe5
O-O 15. exd6 Bg5 16. Qe1 Nxg3 17. Qxg3 Be3+ 18. Kh1 Rc8 19. Nf4 {
Jouault,L-Mikurenda,A/open, St Heliers JER 1997/1-0 (50)}) 5. O-O 5... Bd6 $146
(5... a6 6. a4 d5 7. exd5 exd5 8. Be2 Bd6 9. d4 c4 10. Bg5 Be6 11. Bxc4 dxc4
12. d5 Bxd5 13. Nxd5 Bxh2+ 14. Kxh2 Qxd5 15. Re1+ Kf8 16. Bxf6 Qxd1 17. Bxg7+
Kxg7 18. Raxd1 Rad8 19. Rd2 b5 20. Rde2) (5... Be7 6. d4 cxd4 7. Nxd4 Qc7 8.
Ncb5 Qb6 9. Re1 a6 10. Nxc6 Qxc6 11. Nc3 Qxc4 12. Qf3 12... Qc6 {
0-1 Faye,Y-Potter,S/Dubai 1986 (12)} (12... Qc6 13. a3 b5 14. b4 a5 15. Rb1 Bb7
16. e5 Qxf3 17. gxf3 Nh5 18. Nxb5 O-O 19. Rb3 Rfc8 20. bxa5 Bd5 21. Rc3 Rxc3
22. Nxc3 Rxa5 23. Kg2 g6 24. Re2 Bc6 25. Nb1 g5 26. h3 Ng7 27. c3 {
Faye,Y-Potter,S/Dubai olm 1986/0-1 (45)})) (5... Nxe4 6. Nxe4 d5 7. d3 $11) 6.
d4 (6. d3 6... Bc7 $11) 6... cxd4 7. Nxd4 O-O 8. Ndb5 Be5 9. Bg5 $15 (9. f4 $5
{kommt in Betracht} 9... Bxc3 10. Nxc3 Nxe4 11. Nxe4 $11) 9... Qe7 $14 (9... a6
$5 {ist bedenkenswert} 10. Nd6 b5 11. Nxc8 11... Rxc8 $15) 10. Bxf6 $11 (10.
Be2 h6 11. Bh4 11... g5 $11) 10... Qxf6 11. Qd2 Bf4 12. Qd1 a6 13. Nd6 Nd4 (
13... b5 14. Nxc8 Rfxc8 15. Bb3 $15) 14. Nxc8 Rfxc8 15. Bd3 b5 16. Rb1 Qg5 17.
Kh1 17... Qh6 {Es droht Matt} 18. h3 $15 (18. g3 18... Bd2 $11) 18... Be5 19.
Qc1 Qh4 (19... Qxc1 20. Rfxc1 Rc6 21. Nd1 $11) 20. f4 Bd6 21. e5 {
Weiss engt den Gegner ein} 21... Bb4 22. Ne4 Nf5 23. a3 Ba5 24. c3 {
Ueberdeckt b4+d4} 24... Bb6 $14 (24... Rd8 25. Qe1 Qxe1 26. Rfxe1 $11) 25. Qe1
Qe7 (25... Qxe1 26. Rfxe1 d5 27. exd6 $11) 26. Ng5 (26. g4 Ne3 27. Rf3 27...
Nc4 $16) 26... h6 27. Bxf5 exf5 28. Nf3 Rc6 29. Qh4 $11 (29. Rd1 29... Qe6 $14)
29... Qe6 30. Rbd1 Qb3 31. Rd2 Be3 32. Re2 Qc4 33. Qe1 (33. Rfe1 Bxf4 34. Nd4
34... Bg5 $14) 33... Bc5 ({Schlechter ist} 33... Bxf4 34. Nd4 Bg5 35. Nxc6 dxc6
36. Rxf5 $16) 34. Nh4 Qe6 (34... g6 35. Qd2 $11) 35. Qb1 g6 36. Nf3 Qc4 37. Qd1
Rc7 ({Schwaecher scheint} 37... Qxf4 38. Nd4 (38. Qxd7 $6 38... Re6 $11) 38...
Qh4 39. Nxc6 dxc6 40. e6 $16) 38. Nd2 Qe6 39. Qe1 Re8 40. Qh4 Bf8 (40... Qa2
41. Rfe1 $11) 41. Nf3 Qc4 42. Ree1 Rc5 43. Nd4 Rd5 44. Qg3 44... Bg7 {
Schwarz haelt das Heft fest in der Hand} 45. h4 d6 46. exd6 {
Weiss spielt seinen Trumpf aus.} (46. b3 Qc5 47. e6 47... Qc7 $11) 46... Re4 {
Der Brueckenkopf e4} 47. b3 Qc5 48. b4 $17 (48. Rxe4 $5 {ist zu beachten} 48...
fxe4 49. d7 Qxa3 50. f5 $15) 48... Qxd6 49. Ne2 $19 (49. Rxe4 $5 $142 49...
fxe4 50. Rd1 $19) 49... Rd3 50. Rf3 Rxf3 51. gxf3 (51. Qxf3 $4 51... Qd2 52.
Qg3 Rxe2 53. Rxe2 53... Qxe2 $19) 51... Re3 {Mit der Idee Qe7} 52. Ng1 (52. Kg2
Qd2 53. Qf2 Bxc3 54. Nxc3 Qxe1 55. Qxe1 55... Rxe1 $19) 52... Rxc3 53. Re8+ (
53. a4 {hilft auch nicht mehr} 53... bxa4 54. Nh3 54... Rc2 $19) 53... Kh7 54.
Ra8 Rxa3 55. Qe1 (55. h5 {waere gleichermassen fruchtlos} 55... Ra1 56. Re8
56... Rb1 $19 (56... Qxb4 $6 57. hxg6+ fxg6 58. Re6 $19)) 55... Qxf4 56. Qf2
Bd4 (56... Ra1 {gibt noch groesseren Vorteil} 57. Rd8 $19) 57. Ne2 Bxf2 (57...
Rxf3 $5 $142 {gibt noch groesseren Vorteil} 58. Nxf4 Rxf2 59. Nd5 $19) 58. Nxf4
Bxh4 59. Kg2 g5 60. Nd5 g4 61. fxg4 fxg4 62. Ra7 Kg6 63. Kf1 (63. Nc7 {
holt die Kuh nicht vom Eis} 63... f5 $19) 63... f5 64. Nf4+ (64. Nc7 Ra1+ 65.
Ke2 f4 66. Rxa6+ Rxa6 67. Nxa6 f3+ 68. Ke3 68... Bd8 $19) 64... Kf6 {
Schwarz entwickelt eine toedliche Initiative} 65. Ke2 (65. Nd5+ {
hilft auch nicht mehr} 65... Ke5 66. Ne7 Bxe7 67. Rxe7+ 67... Kf4 $19) 65...
Bg5 66. Nd5+ (66. Ng2 {holt die Kuh nicht vom Eis} 66... f4 67. Nxf4 67... Bxf4
$19) 66... Ke5 67. Nc7 (67. Nb6 f4 68. Kf1 68... f3 $19) 67... Ra2+ 68. Ke1 (
68. Kd3 {ist noch eine Idee} 68... g3 $1 {huebsch} 69. Ra8 $19) 68... g3 $1 {
das wars. Droht Matt} 69. Rxa6 69... g2 {Mit der Mattdrohung g1Q} 70. Rxa2
g1=Q+ 71. Ke2 Qg2+ 72. Kd3 Qxa2 73. Nxb5 Qd2+ 74. Kc4 0-1

[Event "ICS rated blitz match"]
[Site "207.99.83.227"]
[Date "1999.04.05"]
[Round "?"]
[White "TioHoracio"]
[Black "Hossa"]
[Result "0-1"]
[WhiteElo "2020"]
[BlackElo "2389"]
[Annotator "Fritz 5.32 (15s)"]
[PlyCount "54"]

1. e4 c5 2. Nf3 Nc6 3. d4 cxd4 4. Nxd4 Qb6 5. Nb3 Nf6 6. Nc3 e6 7. Be3 Qd8 (
7... Qc7 8. a3 a6 9. f4 d6 10. g4 Nd7 11. Bg2 Be7 12. g5 b5 13. O-O Nb6 14. Nd2
Bb7 15. Qh5 g6 16. Qh3 Bc8 17. Kh1 Na4 18. Nxa4 bxa4 19. Qf3 O-O 20. Nc4 Bb7
21. Nb6 Rae8 22. Qh3 {Yilmaz,T-Kurajica,B/EuT-ch, Pula CRO 1997/ - (32)}) 8.
Be2 Bb4 9. Nd2 $15 (9. Bf3 d5 10. exd5 Nxd5 11. Bxd5 Qxd5 12. Qg4 Qe5 13. O-O
Bxc3 14. bxc3 Qxc3 15. Bc5 Qf6 16. Rfd1 Bd7 17. Rd2 O-O-O 18. Rad1 Qg6 19. Qh3
b6 20. Bd6 Kb7 21. Qf3 e5 22. Qe3 Bf5 23. Bxe5 Rhe8 24. Rxd8 Nxd8 25. Qc3 Qc6
26. Qb2 26... Rxe5 {- Justin,M-Ian,H/Belconnen Club Championship, 1994 (26)}) (
9. f3 d5 10. e5 Nxe5 11. Qd4 Nc6 12. Bb5 Bd7 13. Bxc6 Bxc3+ 14. Qxc3 Bxc6 15.
Bc5 Qd7 16. O-O-O b6 17. Ba3 O-O-O 18. Nd4 Kb7 19. Rhe1 Rc8 20. Qd3 Ne8 21. f4
Nc7 22. f5 g6 23. fxe6 23... fxe6 {
Prezado,C-Fonte Santa,J/POR-chT 1993/0-1 (65)}) (9. Qd3 9... O-O $11) 9... Bxc3
10. bxc3 {Deckt b4+d4} 10... d5 11. O-O $15 (11. exd5 Nxd5 12. Ne4 Nxe3 13.
Qxd8+ Nxd8 14. fxe3 14... f5 $15) 11... Nxe4 12. Nxe4 dxe4 13. Qc1 $17 (13.
Qxd8+ Nxd8 14. Rfd1 14... e5 $11) 13... Qa5 14. a4 (14. Qb2 14... O-O $17)
14... Qxc3 15. Ra3 Qe5 16. Bf4 Qf5 17. h3 (17. Rg3 Nd4 18. Bd1 18... e5 $17)
17... e5 18. Be3 18... O-O $17 (18... Qg6 19. Bc5 $19) 19. Rd1 Be6 20. c4 $19 (
20. Qb2 20... b6 $17) 20... Rad8 21. c5 (21. Qb1 Nd4 22. Bg4 Qg6 23. Bxe6 fxe6
(23... Nxe6 $6 24. Rxd8 Nxd8 25. Bxa7 $17) 24. Bxd4 Rxd4 25. Rxd4 exd4 26. Qxb7
26... Qf6 $17) 21... Qg6 22. a5 (22. Kh1 22... f5 $19) 22... Bxh3 {
Mit der Mattdrohung Qxg2} 23. Bf1 (23. Bg5 Rxd1+ 24. Bxd1 f6 25. Rxh3 fxg5 26.
Bb3+ 26... Kh8 $19) 23... Rxd1 24. Qxd1 Rd8 25. Qc2 (25. Qb3 {
aendert nichts am Ausgang der Partie} 25... Bc8 26. a6 bxa6 27. Bxa6 27... Bg4
$19) 25... Bc8 26. a6 bxa6 27. Bxa6 (27. Qa4 $19 {
koennte noch eine geringe Chance darstellen}) 27... Nb4 (27... Nb4 28. Qb2 Nxa6
29. Qxe5 Rd1+ 30. Kh2 f6 31. Rxa6 fxe5 (31... Bxa6 $6 32. Qb8+ Bc8 33. Qb3+ Be6
34. Qxd1 $19) 32. Rxg6 32... hxg6 $19) 0-1

[Event "ICS rated blitz match"]
[Site "207.99.83.227"]
[Date "1999.04.05"]
[Round "?"]
[White "Hossa"]
[Black "TioHoracio"]
[Result "1-0"]
[WhiteElo "2392"]
[BlackElo "2017"]
[Annotator "Fritz 5.32 (15s)"]
[PlyCount "62"]

1. e4 e6 2. Nf3 d5 3. exd5 exd5 4. Bb5+ (4. Be2 Nc6 5. O-O Bd6 6. Re1 Nge7 7.
d4 O-O 8. h3 Bf5 9. c3 Re8 10. Bd3 Rb8 11. Bxf5 Nxf5 12. Bg5 Rxe1+ 13. Qxe1 Qe8
14. Nbd2 f6 15. Qxe8+ Rxe8 16. Bh4 g5 17. Bg3 Nxg3 18. fxg3 18... Bxg3 {
Bench-GriffySr/ICS u 1995/0-1 (47)}) (4. Nc3 Nf6 5. d4 Bg4 6. Be2 Bb4 7. O-O
O-O 8. Bg5 Bxc3 9. bxc3 Nbd7 10. Re1 c6 11. Ne5 Bxe2 12. Rxe2 Qc7 13. f3 Nxe5
14. dxe5 Nd7 15. Qd4 Rfe8 16. Rae1 Nb6 17. Qc5 17... Nc4 {
0-1 Virkamaeki,L-Rozhic,I/EuYouth U12 Boys, Tallinn EST 1997 (17)}) 4... c6 5.
Be2 $146 (5. Qe2+ Qe7 6. Qxe7+ Bxe7 7. Be2 Nf6 8. O-O Bg4 9. Re1 Nbd7 10. Bd3
Bxf3 11. gxf3 Nc5 12. b3 Nxd3 13. cxd3 Kd7 14. Ba3 Rae8 15. Bxe7 Rxe7 16. Rxe7+
Kxe7 17. Nc3 Re8 18. Re1+ Kd7 19. Rxe8 19... Kxe8 {
Muench,S-Prause,R/1, DEM U13 Lingen 1995/0-1 (53)}) 5... Nf6 6. O-O Bd6 7. d3 {
Staerkt e4} 7... O-O 8. Bg5 (8. Re1 8... Re8 $11) 8... Bg4 9. Nbd2 Nbd7 10. Re1
Qc7 11. Be3 $17 (11. h3 $5 $142 {muss unbedingt geprueft werden} 11... Be6 12.
d4 $11) 11... c5 $11 (11... Bxf3 $5 12. Nxf3 12... Ng4 $17) 12. Nf1 12... d4 {
Schwarz erobert Raum} 13. Bg5 Rfe8 14. N1d2 (14. h3 14... Be6 $11) 14... h6 15.
Bxf6 $17 (15. Bh4 g5 16. Bg3 Bxg3 17. hxg3 17... Re7 $17) 15... Nxf6 (15...
gxf6 $6 16. Nxd4 Bxh2+ 17. Kh1 Bxe2 18. Nxe2 $11) 16. h3 Bh5 17. Rc1 (17. Nh4
Bxe2 18. Rxe2 Bh2+ 19. Kh1 19... Bf4 $15) 17... Bg6 18. Nc4 $17 (18. c3 dxc3
19. Rxc3 19... Nd5 $15) 18... b5 $11 (18... Bf4 $5 19. Rb1 19... b5 $17) 19.
Nxd6 Qxd6 20. Nh4 $15 (20. c3 20... Bf5 $11) 20... Bh7 21. Qd2 Re6 22. Bf3 (22.
Nf3 22... Nd5 $15) 22... Rae8 23. Rxe6 23... Rxe6 $15 (23... Qxe6 24. b4 $17)
24. Bd1 24... Qe7 $11 (24... Re8 25. a3 $15) 25. Nf3 25... Nd5 {
Jetzt haengt b4 in der Luft} (25... Rd6 26. b4 Rd8 27. bxc5 Qxc5 28. c3 dxc3
29. Rxc3 $11) 26. c3 {Kontrolliert b4} 26... dxc3 27. bxc3 {Befestigt b4} 27...
b4 $16 {Schwarz gewinnt Raum} (27... Qd6 $5 $11 $142 {
und Schwarz kann noch kaempfen}) 28. cxb4 Nxb4 29. d4 Nd3 (29... Be4 30. Rxc5 (
30. dxc5 $6 30... Nd3 31. Rb1 31... Qxc5 $11) 30... Qb7 31. a3 $16) 30. Rc3
30... cxd4 $4 $18 {der starke Druck provoziert weitere Fehler.} (30... Qf6 $16
$142) 31. Rc8+ (31. Rxd3 $6 {ist minderwertig} 31... Bxd3 32. Qxd3 32... Rd6
$16) 31... Qe8 {Schwarz kann das gewonnene Material nicht behalten} 1-0

[Event "ICS rated blitz match"]
[Site "207.99.83.227"]
[Date "1999.04.05"]
[Round "?"]
[White "TioHoracio"]
[Black "Hossa"]
[Result "0-1"]
[WhiteElo "2041"]
[BlackElo "2395"]
[Annotator "Fritz 5.32 (15s)"]
[PlyCount "76"]

1. e4 e5 2. Nf3 Nc6 3. Bc4 Bc5 4. d3 Nf6 5. Nc3 5... Bd4 $14 (5... O-O 6. Bg5
Be7 7. Bxf6 Bxf6 8. Qe2 Be7 9. O-O-O Nd4 10. Qe3 Nxf3 11. Qxf3 d6 12. g4 Bd7
13. Qg3 Bh4 14. Qg2 Qg5+ 15. Kb1 Bxg4 16. Rdg1 Qe7 17. Qxg4 Bf6 18. Rg3 a6 19.
Rhg1 b5 20. Bd5 {Haeusl,K-Bathuyag,M/WchJW-U10 Szeged 1994/1-0 (36)}) (5... h6
6. Bd2 (6. O-O O-O 7. Be3 Bb6 8. h3 d6 9. a3 Be6 10. Bb3 Qd7 11. d4 exd4 12.
Nxd4 d5 13. Nxe6 fxe6 14. exd5 exd5 15. Nxd5 Nxd5 16. Bxd5+ 16... Kh8 {
- Birgisdottir,I-Bokros,E/WchJW-U10 Szeged 1994 (16)}) 6... d6 7. h3 O-O 8. O-O
Re8 9. Na4 Be6 10. Bxe6 Rxe6 11. Nxc5 dxc5 12. Qe2 Nd4 13. Qe3 Nxc2 14. Qxc5
Nxa1 15. Rxa1 Qd6 16. Qxd6 cxd6 17. Rc1 Ree8 18. Bb4 d5 19. exd5 Nxd5 20. a3 {
Knolle,E-Wolk,F/Guben 1996/0-1 (36)}) (5... Bb4 6. O-O $11) 6. Be3 $11 (6. Nd5
$5 $14 {ist nicht von der Hand zu weisen}) 6... Bxe3 (6... Bxc3+ 7. bxc3 d5 8.
exd5 Nxd5 9. Bxd5 Qxd5 10. O-O $11) 7. fxe3 {Ueberdeckt d4} 7... d6 8. Qe2 Bg4
9. Bb3 O-O (9... Na5 10. d4 $11) 10. h3 {Weiss geht zum Angriff ueber} 10...
Nh5 $14 (10... Bxf3 11. Qxf3 Na5 12. O-O $11) 11. hxg4 Ng3 12. Qd2 Nxh1 13.
O-O-O Ng3 14. Qf2 14... Nxe4 {
fuer Schwarz fuehrt kein Weg daran vorbei, das Material zurueckzugeben} 15.
dxe4 15... Rb8 $18 (15... Na5 $5 $142 16. Nxe5 Nxb3+ 17. cxb3 17... Qg5 $14)
16. g5 16... Qc8 $2 (16... Na5 $142 17. Rh1 Nxb3+ 18. cxb3 18... Re8 $18) 17.
Rh1 (17. Qh4 $5 $142 {und Weiss haette es noch leichter} 17... Qd8 $18) 17...
Qg4 18. Rh4 Qd7 19. Qg3 (19. g6 {erleichterte Weiss die Gewinnfuehrung} 19...
h6 20. gxf7+ 20... Rxf7 $18) 19... Na5 20. Qh2 {Mit der Mattdrohung Rxh7} 20...
Nxb3+ 21. axb3 h6 22. gxh6 {Es droht Matt} 22... g6 23. Nd5 f6 (23... Qd8 24.
Qg3 $18) 24. h7+ Kh8 (24... Kg7 25. Nxf6 25... Qb5 $18) 25. Rh6 {
Weiss plant Nh4} 25... Qg7 (25... Qb5 26. Ne7 (26. Rxg6 $6 26... Qf1+ 27. Kd2
Qf2+ 28. Kd1 28... Rf7 $18) (26. Nxc7 $6 {ist naheliegend und schlecht} 26...
Qf1+ 27. Kd2 Qf2+ 28. Kd1 28... Rfc8 $14) 26... Qf1+ 27. Kd2 Qf2+ 28. Kd1 Qf1+
29. Ne1 $18) 26. Qh4 (26. Ne7 $1 $142 {und Weiss gewinnt} 26... Qxe7 27. Nh4
$18) 26... c6 27. Nc3 Ra8 28. Nh2 28... a5 {
Schwarz zwingt den Gegner mit starken Drohungen nieder} 29. Ng4 b5 30. Qh2 (30.
Nb1 30... b4 $16) 30... a4 {Raumgewinn} 31. bxa4 b4 32. Ne2 Rxa4 33. b3 {
Die Oeffnung der a-Linie verschafft Schwarz Drohungen} 33... Ra2 34. Rh3 $4 $19
{danach kann Weiss alle Traeume begraben} (34. Kd2 d5 35. exd5 $16) 34... Qa7
35. Qg1 $4 {Weiss bricht voellig ein} (35. Kd1 Qc5 36. c4 bxc3 37. Nc1 Rd2+ 38.
Ke1 $19) 35... Ra1+ (35... Qc5 36. c4 bxc3 37. Nxe5 Qa3+ 38. Kd1 fxe5 39. Rf3
Rxf3 40. Nxc3 Qxb3+ 41. Ke1 Qxc3+ 42. Kd1 Qd2#) 36. Kd2 Rxg1 37. Nxg1 d5 38.
exd5 Qd7 (38... Qd7 39. Nf2 Qxd5+ 40. Ke1 40... Ra8 $19) 0-1